000
00329nam a2200157Ia 4500
100
_a
William Feller
490
_v
2
942
_c
BK
654
_a
Mathematics
245
_a
Int. Probability Theory
260
_b
Wiley eastern
_a
New Delhi
_c
1966
082
_a
519.2
_b
FEL
300
_a
626
546
_a
ENGLISH
999
_c
21138
_d
21138